000 00291nam a22001337a 4500
008 171123b xxu||||| |||| 00| 0 eng d
020 _a0442280688
041 _aeng
080 _a721
100 _a41
101 _aNDE
245 _aBUILDING AN OPEN SYSTEM
_cJACOB.S
942 _2udc
_cBK
999 _c38369
_d38369